Loading...
Navacinema: Charithravum Prathisandiyum/
| Main Author: | |
|---|---|
| Format: | Printed Book |
| Published: |
Dubai:
Chiranthana,
2008.
|
| Subjects: |
| LEADER | 00543nam a22001577a 4500 | ||
|---|---|---|---|
| 082 | |a M 791.430 7 |b ASH/N | ||
| 100 | |a Asharaf E M |9 180381 | ||
| 245 | |a Navacinema: |b Charithravum Prathisandiyum/ |c by Asharaf E M | ||
| 260 | |a Dubai: |b Chiranthana, |c 2008. | ||
| 300 | |a 144p. | ||
| 650 | |a Cinema Study |9 180382 | ||
| 650 | |a Theatre |9 180383 | ||
| 650 | |a Art |9 180384 | ||
| 942 | |c BK | ||
| 999 | |c 143155 |d 143155 | ||
| 952 | |0 0 |1 0 |4 0 |6 M_791_430000000000000_7_ASH_N |7 0 |9 99393 |a SSUS |b SSUS |c STACKS |d 2019-10-05 |g 75.00 |o M 791.430 7 ASH/N |p 096545 |r 2019-10-05 |w 2019-10-05 |y BK | ||